Normal view
MARC view
Entry Topical Term
001 - CONTROL NUMBER
- control field: 51922
003 - CONTROL NUMBER IDENTIFIER
- control field: dpl
005 - DATE AND TIME OF LATEST TRANSACTION
- control field: 20120831145339.0
008 - FIXED-LENGTH DATA ELEMENTS
- fixed length control field: 120831|||a|||||| | ||| d
040 ## - CATALOGING SOURCE
- Original cataloging agency: dpl
- Transcribing agency: dpl
150 ## - HEADING--TOPICAL TERM
- Topical term or geographic name as entry element: Dance in literature.
670 ## - SOURCE DATA FOUND
- Source citation: Work cat.: (dpl)63756: Banerjee, Utpal K. 1935- (Utpal Kumar) 51918, Tagore’s mystique of dance /, 2011
670 ## - SOURCE DATA FOUND
- Source citation: Work cat.: (dpl)63756: Banerjee, Utpal K. 1935- (Utpal Kumar) 51918, Tagore’s mystique of dance /, 2011
